000 00468nam a2200181Ia 4500
001 22856
005 20260414150858.0
008 260414t2015||||xx |||||||||||||| ||spa||
041 _aESP
082 _a624.15136
_bG26
100 _aGarrido de la Torre, M° Elvira
_eAUT
245 0 _aEnsayos de mecánica de suelos :
_bprácticas de geotecnia
260 _c2015
300 _a109 páginas :
_c24 cm.
650 _a0
654 _aCIC
942 _cLIB
_dJUS
_fJUS
_2ddc
_n
999 _c22856
_d22856